[Event "Torino Province-ch"]
[Site "Torino"]
[Date "2010.03.09"]
[Round "5"]
[White "Arena, Marco"]
[Black "Angioni, Gian Carlo"]
[Result "1-0"]
[WhiteElo "1566"]
[BlackElo "1841"]
[PlyCount "75"]
[EventDate "2010.02.09"]
[EventType "swiss"]
[EventRounds "7"]
[EventCountry "ITA"]
[SourceTitle "EXT 2024"]
[Source "ChessBase"]
[SourceDate "2023.10.10"]
[SourceVersion "1"]
[SourceVersionDate "2023.10.10"]
[SourceQuality "1"]

1. e4 e6 2. d4 d5 3. Nd2 Nf6 4. e5 Nfd7 5. Bd3 c5 6. c3 Nc6 7. Ne2 f6 8. Nf4 Qe7 9. Qh5+ Kd8 10. Ng6 Qe8 11. Qh4 hxg6 12. Qxh8 cxd4 13. cxd4 Nxd4 14. Qh4 Nf5 15. Bxf5 exf5 16. 0-0 Nxe5 17. Re1 Qb5 18. Rxe5 g5 19. Qh8 Qc5 20. Nb3 Qd6 21. Rxd5 Qxd5 22. Qxf8+ Kc7 23. Be3 b6 24. Rc1+ Kb7 25. Qxg7+ Bd7 26. h3 g4 27. hxg4 fxg4 28. Qxf6 Re8 29. Qd4 Qe6 30. Bf4 Rc8 31. Rxc8 Bxc8 32. Qe5 Qd7 33. Nd4 Ka6 34. Qd6 Qg7 35. Nc6 Bb7 36. Nb8+ Ka5 37. Bd2+ Kb5 38. Qd7+ 1-0

[Event "Torino Province-ch"]
[Site "Torino"]
[Date "2010.02.09"]
[Round "1"]
[White "Arena, Marco"]
[Black "Leoni, Alessandro"]
[Result "0-1"]
[WhiteElo "1566"]
[BlackElo "1871"]
[PlyCount "116"]
[EventDate "2010.02.09"]
[EventType "swiss"]
[EventRounds "7"]
[EventCountry "ITA"]
[SourceTitle "EXT 2024"]
[Source "ChessBase"]
[SourceDate "2023.10.10"]
[SourceVersion "1"]
[SourceVersionDate "2023.10.10"]
[SourceQuality "1"]

1. e4 c5 2. Nc3 Nc6 3. g3 g6 4. Bg2 Bg7 5. d3 d6 6. Be3 e6 7. Qd2 Nge7 8. Nge2 Rb8 9. 0-0 0-0 10. f4 Nd4 11. Nd1 b5 12. c3 Nxe2+ 13. Qxe2 b4 14. d4 bxc3 15. bxc3 Qa5 16. Qc2 Ba6 17. Rf3 cxd4 18. Bxd4 Bxd4+ 19. cxd4 Qe1+ 20. Bf1 Rfc8 21. Qg2 Qxe4 22. Nf2 Qxd4 23. Rd1 Qa4 24. Bxa6 Qxa6 25. Ne4 Nf5 26. Kh1 Qa4 27. Re1 Qd4 28. Rf2 d5 29. Ng5 Qc3 30. Rd2 Rb2 31. Rxb2 Qxe1+ 32. Qg1 Qxg1+ 33. Kxg1 Rc7 34. Kf2 d4 35. Ne4 Kg7 36. Rd2 h5 37. Ng5 a5 38. Nf3 a4 39. Ke2 a3 40. Nxd4 Nxd4+ 41. Rxd4 Rc2+ 42. Rd2 Rb2 43. Kd3 Rxd2+ 44. Kxd2 Kf6 45. Kc3 e5 46. fxe5+ Kxe5 47. Kb4 Kd4 48. Kxa3 Kc3 49. Ka4 Kc4 50. a3 g5 51. Ka5 f5 52. Kb6 f4 53. gxf4 gxf4 54. a4 f3 55. a5 f2 56. a6 f1Q 57. a7 Qf3 58. Kc7 Qa8 0-1